Projektovanie výrobných systémov v zmysle priemyselnej revolúcie Industrie 4.0

Zmeny výrobných a logistických procesov, ktoré sú skokové a revolučné. Oblasť projektovania nových výrobných závodov a požiadavky novej celoeurópskej iniciatívy. Nová priemyselná revolúcia a vyššia efektivita výroby.

Salvato in:
Dettagli Bibliografici
Autore principale: Furmann, Radovan
Natura: Capitolo di libro
Lingua:slovacco
Soggetti:
Tags: Aggiungi Tag
Nessun Tag, puoi essere il primo ad aggiungerne!!

MARC

LEADER 00000naa a2200000 4500
001 0217204
005 20231208114813.4
041 0 |a slo 
044 |a SK 
245 1 0 |a Projektovanie výrobných systémov v zmysle priemyselnej revolúcie Industrie 4.0  |c Radovan Furmann 
520 |a Zmeny výrobných a logistických procesov, ktoré sú skokové a revolučné. Oblasť projektovania nových výrobných závodov a požiadavky novej celoeurópskej iniciatívy. Nová priemyselná revolúcia a vyššia efektivita výroby. 
610 2 0 |a Európa 
610 2 0 |a Slovensko 
610 2 0 |a revolúcia priemyselná 
610 2 0 |a systémy výrobné 
610 2 0 |a technológie nové 
610 2 0 |a digitalizácia 
610 2 0 |a logistika 
610 2 0 |a efektívnosť 
100 1 |a Furmann, Radovan